WWW.घना जंगल.कॉम (Record no. 1848520)

MARC details
000 -LEADER
fixed length control field 00517nam a22001817a 4500
005 - DATE AND TIME OF LATEST TRANSACTION
control field 20260424134823.0
008 - FIXED-LENGTH DATA ELEMENTS--GENERAL INFORMATION
fixed length control field 260424b |||||||| |||| 00| 0 eng d
037 ## - SOURCE OF ACQUISITION
Terms of availability DSWL
040 ## - CATALOGING SOURCE
Original cataloging agency DSWL
Transcribing agency DSWL
041 ## - LANGUAGE CODE
Language code of original Hindi
100 ## - MAIN ENTRY--PERSONAL NAME
Personal name देवसरे, हरिकृष्ण
9 (RLIN) 1235683
245 ## - TITLE STATEMENT
Title WWW.घना जंगल.कॉम
260 ## - PUBLICATION, DISTRIBUTION, ETC.
Place of publication, distribution, etc. New Delhi,
Name of publisher, distributor, etc. National Book Trust,
Date of publication, distribution, etc. 2014
300 ## - PHYSICAL DESCRIPTION
Extent 55p
365 ## - TRADE PRICE
Price type code INR
Price amount 70
942 ## - ADDED ENTRY ELEMENTS (KOHA)
Source of classification or shelving scheme Colon Classification (CC)
Koha item type Textual
Suppress in OPAC No
Holdings
Withdrawn status Lost status Source of classification or shelving scheme Damaged status Not for loan Home library Current library Date acquired Source of acquisition Cost, normal purchase price Inventory number Total Checkouts Barcode Date last seen Price effective from Koha item type
    Colon Classification (CC)     Department of Social Work Library Department of Social Work Library 2026-04-24 Dr. A Malathi 70.00 Gifted   SW0032425 2026-04-24 2026-04-24 Textual
Copyright @ Delhi University Library System